000
00270nam a2200109Ia 4500
005
20251222152652.0
008
251222s9999||||xx |||||||||||||| ||spa||
082
_a
330.981.10/P42
100
_a
PeƱaherrera del Aguila, Carlos
245
0
_a
La Selva Peruana:
942
_c
LIB
999
_c
28481
_d
28481